Harry Potter: Slytherin Trio Venn Diagram Quiz Stats

 Plays Quiz not verified by Sporcle

Support Sporcle.
Go Orange.
Score 0/8 Timer 01:30
3 Plays Today
% Correct
Elder Wand
93.6%
Inq. Squad
89.9%
Survivors
79.2%
Ravenclaw's
Diadem
75.9%
On Hogwarts Express
1991
73.2%
Blaise Zabini
71.7%
Little girls
71.4%
NOT Harry
62.1%

You're not logged in!

Compare scores with friends on all Sporcle quizzes.
OR
Log In

From the Vault

Misspelled Sporcle Words

by Booger

Few things are more frustrating on Sporcle than knowing an answer, but not how to spell it.
Remove Ads.
Support Sporcle.
Get the best of Sporcle when you Go Orange. This ad-free experience offers more features, more stats, and more fun while also helping to support Sporcle. Thank you for becoming a member.

Show Comments

Extras

Top Quizzes Today


Score Distribution

Your Account Isn't Verified!

In order to create a playlist on Sporcle, you need to verify the email address you used during registration. Go to your Sporcle Settings to finish the process.

Report this User

Report this user for behavior that violates our Community Guidelines.

Details: